| 000 | 01978cam a22005414i 4500 | ||
|---|---|---|---|
| 003 | PE-LiUPU | ||
| 005 | 20250731180120.0 | ||
| 008 | 150616s r 000 0 d | ||
| 020 | _a9682602971 | ||
| 035 | _a(Sirsi) i9789682602979 | ||
| 040 |
_aPE-LiUPU _bspa _cPE-LiUPU _erda |
||
| 049 | _aPRUA | ||
| 082 | 0 | 4 |
_a515.4 _bH63 _221 |
| 100 | 1 |
_aHockett, Shirley O., _eautor. |
|
| 245 | 1 | 0 |
_aCálculo por objetivos y aplicaciones / _cShirley O. Hockett, Martin Sternstein ; tr. por Andrés Sestier Bouclier. |
| 264 | 1 |
_aMéxico : _bContinental, _c1985. |
|
| 300 |
_a671 páginas : _bilustraciones ; _c22 centímetros |
||
| 336 |
_atext _2rdacontent |
||
| 337 |
_aunmediated _2rdamedia |
||
| 338 |
_avolume _2rdacarrier |
||
| 505 | 0 | _aFunciones y gráficas -- Derivadas límites y continuidad -- Técnicas de derivación -- Trazado de curvas -- Aplicaciones adicionales de las derivadas -- Funciones exponenciales y logarítmicas -- La integral definida -- Aplicaciones de la integración; ecuaciones diferenciales -- Cálculo en varias variables. | |
| 526 | _aSEG44 | ||
| 526 | _aSEG26 | ||
| 526 | _aP159 | ||
| 526 | _aP155 | ||
| 526 | _aP154 | ||
| 526 | _aP153 | ||
| 526 | _aP150 | ||
| 526 | _aP100 | ||
| 526 | _aP31 | ||
| 526 | _aP30 | ||
| 526 | _aP26 | ||
| 526 | _aP25 | ||
| 526 | _aP24 | ||
| 526 | _aP22 | ||
| 526 | _aP15 | ||
| 526 | _aP10 | ||
| 650 | 0 | 4 | _aCálculo. |
| 700 | 1 |
_aSestier Bouclier, Andrés, _etraductor. |
|
| 700 | 1 |
_aSternstein, Martin, _eautor. |
|
| 910 |
_ajck _bjvq _cjck |
||
| 942 |
_2ddc _cBOOK |
||
| 949 |
_a515.4 H63 _wDEWEY _c1 _i31011 _lCCODEBUL1 _mBUL _r0 _sY _tBOOK _u2015-4-23 _xEDUCACION _PP20 _0COMPRA _o.STAFF. Colección General |
||
| 994 |
_aC0 _bPEPRU |
||
| 596 | _a1 | ||
| 999 |
_a515.4 H63 _wDEWEY _c33969 _i31011 _f2021-11-5 _g5 _lCCODEBUL1 _mBUL _r0 _sY _tBOOK _u2015-4-23 _xBIBLIOTECA _PP20 _0COMPRA _o.STAFF. Colección General _d33969 |
||
| 980 |
_81 _gALBERTO SANCHEZ Responsable de Automatización |
||